| 000 | 00755nam a22001817a 4500 | ||
|---|---|---|---|
| 005 | 20251108171807.0 | ||
| 008 | 250721s1985 xx 000 0 ara d | ||
| 082 | 1 | 4 | _a378.9564/ندو |
| 111 | 2 | _aندوة مشاكل التعليم الجامعي في الوطن المحتل و الروح الجامعية ( 1985 : عمان ) | |
| 245 | 1 | 0 |
_aالتعليم العالي في فلسطين المحتلة : _bفلسفته و أهدافه و روحه وقائع ندوة عمان 6 ، 7 نيسان 1985 / |
| 264 | 1 |
_aعمان : _bمنظمة التحرير الفلسطينية، _c1985. |
|
| 300 | _a186ص | ||
| 650 | 1 | 7 | _aالتعليم العالي |
| 650 | 1 | 7 | _aالمؤتمرات |
| 650 | 1 | 7 | _aالندوات |
| 942 |
_2ddc _cBK |
||
| 999 |
_c62680 _d62680 |
||